| 000 | 00000nam 2200000zi 4500 |
| 001 | 9.929780 |
| 003 | CaOODSP |
| 005 | 20250403110729 |
| 006 | m o d f |
| 007 | cr mn||||||||| |
| 008 | 231101e20231027onc obs f000 0 fre d |
| 020 | |a9780660686417 |
| 040 | |aCaOODSP|bfre|erda|cCaOODSP |
| 043 | |an-cn--- |
| 045 | |ay1y2 |
| 086 | 1 |aCS75-005/2023-1F-PDF |
| 245 | 00|aTaux de réponse de l'Enquête sur la population active, septembre 2023. |
| 264 | 1|a[Ottawa] : |bStatistique Canada = Statistics Canada, |c27 octobre 2023. |
| 264 | 4|c©2023 |
| 300 | |a1 ressource en ligne (5 pages). |
| 336 | |atexte|btxt|2rdacontent/fre |
| 337 | |ainformatique|bc|2rdamedia/fre |
| 338 | |aressource en ligne|bcr|2rdacarrier/fre |
| 490 | 1 |aStatistiques sur le travail : documents techniques, |x2292-3799 |
| 500 | |aPublié aussi en anglais sous le titre : Labour Force Survey response rates, September 2023. |
| 500 | |aL'ISSN de la série fourni par le portail ISSN. |
| 500 | |a« N° 75-005-M au catalogue. » |
| 504 | |aComprend des références bibliographiques. |
| 520 | |a« Ce document fournit des informations sur l'évolution des taux de réponse de l'Enquête sur la population active (EPA) de 2019 à 2023. Le document fournit également une discussion de l'évaluation de deux aspects de la qualité des données qui garantissent que les estimations de l'EPA continuent à fournir un portrait précis du marché du travail canadien » -- Fourni par l'éditeur. |
| 610 | 26|aEnquête sur la population active (Canada) |
| 650 | 6|aMénages (Statistique)|xEnquêtes|xTaux de réponse|zCanada|vStatistiques. |
| 655 | 7|aStatistiques|2rvmgf |
| 710 | 2 |aStatistique Canada, |eorganisme de publication. |
| 775 | 08|tLabour Force Survey response rates, September 2023.|w(CaOODSP)9.929779 |
| 830 | #0|aStatistiques sur le travail. |w(CaOODSP)9.503928 |
| 856 | 40|qPDF|s203 Ko|uhttps://publications.gc.ca/collections/collection_2024/statcan/75-005-m2023001-fra.pdf |
| 856 | 4 |qHTML|sS.O.|uhttps://www150.statcan.gc.ca/n1/pub/75-005-m/75-005-m2023001-fra.htm |
| 986 | |a75-005-M |